Missing Word: CBS Shows (1950s) Quiz Stats

 Plays Quiz Updated Feb 25, 2013

Support Sporcle.
Go Orange.
Score 0/16 Timer 02:00
6 Plays Today
Television Show Missing Word % Correct
I _____ LucyLove
98.1%
_____ the MenaceDennis
94.8%
The _____ ZoneTwilight
93.9%
As the _____ TurnsWorld
93.5%
Guiding _____Light
87.7%
_____ MasonPerry
86.4%
To Tell the _____Truth
84.1%
_____ KangarooCaptain
80.7%
Television Show Missing Word % Correct
The _____ Skelton ShowRed
77%
What's my _____ ?Line
76.3%
_____ the ClockBeat
73.5%
Have _____, Will TravelGun
62.9%
The Many Loves of Dobie _____Gillis
59.5%
See It _____Now
42.5%
The Mighty _____ PlayhouseMouse
30.6%
The First _____ YearsHundred
23.3%

Today's Daily Dose

You're not logged in!

Compare scores with friends on all Sporcle quizzes.
OR
Log In

From the Vault

Find the Countries of Europe in Latin

by teedslaststand

Latin isn't a dead language. It's just sleeping.
Remove Ads.
Support Sporcle.
Get the best of Sporcle when you Go Orange. This ad-free experience offers more features, more stats, and more fun while also helping to support Sporcle. Thank you for becoming a member.

Show Comments

Extras

Top Quizzes Today


Score Distribution

Your Account Isn't Verified!

In order to create a playlist on Sporcle, you need to verify the email address you used during registration. Go to your Sporcle Settings to finish the process.

Report this User

Report this user for behavior that violates our Community Guidelines.

Details: